|
|
|
|
| LEADER |
00997nam a2200277 4500 |
| 001 |
DLU190191649 |
| 005 |
##20190725 |
| 040 |
# |
# |
|a DLU
|b vie
|
| 041 |
# |
# |
|a vie
|
| 044 |
# |
# |
|a vn
|
| 110 |
# |
# |
|a Đoàn Thị Mộng Thắm.
|
| 245 |
# |
# |
|a Phân lập vi khuẩn phân giải Chlorpyrifos từ đất nông nghiệp /
|c Đoàn Thị Mộng Thắm, Trần Trung Hiếu, Lương Thị Mỹ Ngân.
|
| 653 |
# |
# |
|a Burkholderia spp
|
| 653 |
# |
# |
|a Chlorpyrifos
|
| 653 |
# |
# |
|a Vi khuẩn phân giải thuốc trừ sâu
|
| 700 |
# |
# |
|a Lương Thị Mỹ Ngân.
|
| 700 |
# |
# |
|a Trần Trung Hiếu.
|
| 773 |
# |
# |
|t Tạp chí Khoa học Đại học Sư phạm TP. Hồ Chí Minh: Khoa học tự nhiên & công nghệ
|g Số 12, 2017, tr. 127-138
|
| 920 |
# |
# |
|a Phòng Tạp chí -- Trung tâm Thông tin - Thư viện Trường Đại học Đà Lạt
|
| 900 |
# |
# |
|a True
|
| 911 |
# |
# |
|a Hoàng Thị Huyền
|
| 925 |
# |
# |
|a G
|
| 926 |
# |
# |
|a A
|
| 927 |
# |
# |
|a BB
|
| 980 |
# |
# |
|a Thư viện Trường Đại học Đà Lạt
|